| 000 | 00495nam a22001817a 4500 | ||
|---|---|---|---|
| 003 | OSt | ||
| 005 | 20230707091043.0 | ||
| 008 | 230707b |||||||| |||| 00| 0 eng d | ||
| 020 | _a9789386101709 | ||
| 040 |
_cNIRUC _dNIRUC |
||
| 050 |
_aHV6773.15 _b.C97P58 |
||
| 100 |
_aPitts, Vannesa. _eAuthor. |
||
| 245 |
_aCyber Crimes : _bHistory of word's worst cyber attacks / by Vannesa Pitts |
||
| 300 |
_a90 p.: _c22 cm. |
||
| 650 | _aCyberterrorism. | ||
| 650 | _aComputer Crime | ||
| 942 |
_2lcc _cBK _n0 |
||
| 999 |
_c510 _d510 |
||